Paysages et plantations de Phnom Penh (Record no. 22531)

000 -LEADER
fixed length control field 00487nam a22001337a 4500
020 ## - INTERNATIONAL STANDARD BOOK NUMBER
ISBN 9995058006
040 ## - CATALOGING SOURCE
Transcribing agency DLC
082 ## - DEWEY DECIMAL CLASSIFICATION NUMBER
Classification number 581 RAT 2005 C279 Or.
100 ## - MAIN ENTRY--AUTHOR NAME
Personal name Teav Ratanak
245 ## - TITLE STATEMENT
Title Paysages et plantations de Phnom Penh
260 ## - PUBLICATION, DISTRIBUTION, ETC. (IMPRINT)
Place of publication Phnom Penh,
Name of publisher Ambassade de France au Cambodge, Service de Coopération et d'Action culturelle et Municipalité de Phnom Penh, Bureau des Affaires urbaines,
Year of publication 2005
300 ## - PHYSICAL DESCRIPTION
Number of Pages 80 pages :
Other physical details color illustrations, maps ;
Dimensions 24 cm
942 ## - ADDED ENTRY ELEMENTS (KOHA)
Koha item type ADB
952 ## - LOCATION AND ITEM INFORMATION (KOHA)
Withdrawn status [LOCAL, KOHA] 0
Holdings
Permanent Location Date acquired Koha item type Lost status Shelving location Barcode Current Location Full call number
Library Block C2024-01-10ADB C279a075088Library Block C581 RAT 2005 C279 Or.
មជ្ឈមណ្ឌលឯការនៃសាកលវិទ្យាល័យភូមិន្ទកសិកម្មចំការដូង

Powered by Koha